| 000 | 02004cam a22003377a 4500 | ||
|---|---|---|---|
| 001 | 4195 | ||
| 003 | FISKH | ||
| 005 | 20240626151959.0 | ||
| 008 | 091102s2008 nyua j 000 1 eng | ||
| 010 | _a 2009279571 | ||
| 020 | _a9781597071055 | ||
| 020 | _a9781597071048 | ||
| 020 | _a1597071056 | ||
| 020 | _a9781597071048 (pbk.) | ||
| 020 | _a1597071048 (pbk.) | ||
| 040 |
_aDLC _cDLC _dDLC _beng |
||
| 050 | _aPZ7 | ||
| 082 | _a741.5 | ||
| 100 | _aPetrucha, Stefan | ||
| 245 | 0 | 0 |
_aTale from the crypt : _bCrypt-keeping it real! / _cStefan Petrucha : writers ; Tim Smith : artists. |
| 260 |
_aNew York : _bPapercutz, _c2008. |
||
| 300 |
_a85 unnumbered pages : _bcolor illustrations ; _c19 cm |
||
| 490 |
_aTales from the crypt ; _vBook 4 |
||
| 505 | 0 | _a"You toomb" / Stefan Petrucha, writer ; Tim Smith 3, artist -- "The creditor" / Alex Simmons, writer ; Mort Todd, artist, letterer -- "Dumped" / Scott Lobdell, writer ; Facundo Velilla & Alejandro Cabral, artists ; John McCarthy, letterer -- "Roses bedight" / Stefan Petrucha, writer ; Jeziel Sanchez Martinez, artist ; Sean Taylor, letterer -- "Moonlight sonata" / Joe R. Lansdale & John L. Lansdale, writers ; Chris Noeth, artist ; Bryan Senka, letterer -- "Jumping the shark" / Arie Kaplan, writer ; Mr. Exes, artist ; Mark Lerer, letterer -- "A ripping good time" / Joe R. Landsdale & John L. Lansdale, writers ; James Romberger, artist ; Mark Lerer, letterer -- Ghoulunatic sequences / Jim Salicrup, writer ; Rick Parker, artist, title letterer, colorist ; John McCarthy, letterer -- Preview of "Ignoble rot" / Fred Van Lente, writer ; Mort Todd, artist, letterer. | |
| 520 | _aPresents four horror stories in graphic novel format, including a tale about a reality television series producer who keeps pitching shows from beyond the grave. | ||
| 650 |
_aGraphic Novel _xHorror |
||
| 700 | 1 |
_aSmith, Tim, _d1974- _eillustrator |
|
| 906 |
_a7 _bcbc _corigres _d4 _encip _f20 _gy-gencatlg |
||
| 942 |
_2ddc _cBK _n0 |
||
| 999 |
_c4195 _d4195 |
||